| 000 | 00738nam a2200241 a 4500 | ||
|---|---|---|---|
| 001 | BRCA_7944 | ||
| 005 | 20190320210050.0 | ||
| 008 | 100314s1967----gw-a###f##---#000-0#ger-# | ||
| 041 | _ager | ||
| 044 | _agw | ||
| 050 | 4 |
_aNK4215 _b.G7 |
|
| 100 | 1 |
_aGraesse, J. G. Th. _919680 |
|
| 245 | 1 | 0 |
_aFührer fur Sammler von Porzelland und Fayence, Steinzeug, Steingut USW _cJ. G. Th. Graesse. |
| 250 | _a21 | ||
| 260 |
_aBraunschweig _bKlinkhardt & Biermann _c[1967] |
||
| 300 |
_a736 p. _bil. _c24 cm. |
||
| 500 | _a3037 | ||
| 650 | 1 | 4 |
_aPorcelanas _vMarcas _919681 |
| 650 | 1 | 4 |
_aCerámicas y porcelanas _vColeccionistas y colecciones _919682 |
| 650 | 1 | 4 |
_aCerámicas y porcelanas _vManuales y guìas _919683 |
| 902 | _aGFM | ||
| 942 |
_2lcc _cB |
||
| 999 |
_c7613 _d7613 |
||